Die 12 Apostel Quiz - Statistiken

Allgemein
  • Dieses Quiz wurde 2.895 mal gespielt
  • Das Durchschnittsergebnis liegt bei 6 aus 12
Antwortstatistiken
# Apostel % Korrekt
12 Judas Iskariot
85%
4 Johannes
79%
1 Simon Petrus
77%
8 Matthäus
64%
11 Simon Kananäus
53%
7 Thomas
42%
2 Andreas
37%
3 Jakobus der Ältere
30%
9 Jakobus der Jüngere
30%
6 Bartholomäus
23%
10 Judas Thaddäus
21%
5 Philippus
19%
Keine übereinstimmenden Quizze gefunden
Verteilung der Resultate
Anzahl Personen mit jedem Resultat
Perzentil nach korrekt beantworteten Fragen
Ihre Resultats-Entwicklung
Sie haben dieses Quiz noch nicht gespielt